<?xml version="1.0" encoding="UTF-8"?>
<collection xmlns="http://www.loc.gov/MARC21/slim">
 <record>
  <leader>01388nam a2200181Ia 4500</leader>
  <controlfield tag="001">CTU_16885</controlfield>
  <controlfield tag="008">210402s9999    xx            000 0 und d</controlfield>
  <datafield tag="082" ind1=" " ind2=" ">
   <subfield code="a">636.4089</subfield>
  </datafield>
  <datafield tag="082" ind1=" " ind2=" ">
   <subfield code="b">H103</subfield>
  </datafield>
  <datafield tag="100" ind1=" " ind2=" ">
   <subfield code="a">Lê Thanh Hải</subfield>
  </datafield>
  <datafield tag="245" ind1=" " ind2="0">
   <subfield code="a">Những vấn đề kỹ thuật và quản lý trong sản xuất heo hướng nạc</subfield>
  </datafield>
  <datafield tag="245" ind1=" " ind2="0">
   <subfield code="c">Lê Thanh Hải, Chế Quang Tuyến, Phan Xuân Giáp</subfield>
  </datafield>
  <datafield tag="260" ind1=" " ind2=" ">
   <subfield code="a">Tp. HCM</subfield>
  </datafield>
  <datafield tag="260" ind1=" " ind2=" ">
   <subfield code="b">Nông nghiệp</subfield>
  </datafield>
  <datafield tag="260" ind1=" " ind2=" ">
   <subfield code="c">1997</subfield>
  </datafield>
  <datafield tag="520" ind1=" " ind2=" ">
   <subfield code="a">Sách cung cấp một số giải đáp những nhu cầu đòi hỏi trong thực tiễn sản xuất heo nạc, cũng như những thông tin về tổ chức quản lý, sản xuất heo thương phẩm hướng trang trại như: tổ chức quản lý sản xuất trong một nông trại, các biện pháp kỹ thuật, chất lượng, năng suất, thị trường mua bán sản phẩm thịt heo trên thê giới cũng như chất lượng thịt của từng giống heo, các kỹ thuật trong chăn nuôi heo (giống, gieo tinh nhân tạo, bệnh và điều trị bệnh, chuồng trại và hướng sử dụng thức ăn, phương pháp tiếp cận thị trường)</subfield>
  </datafield>
  <datafield tag="650" ind1=" " ind2=" ">
   <subfield code="a">swine</subfield>
  </datafield>
  <datafield tag="980" ind1=" " ind2=" ">
   <subfield code="a">Trung tâm Học liệu Trường Đại học Cần Thơ</subfield>
  </datafield>
 </record>
</collection>
